| 000 | 00466nam a2200169 a 4500 | ||
|---|---|---|---|
| 005 | 20141022142007.0 | ||
| 008 | 110202s19uu xx 00 eng d | ||
| 050 |
_aVCD _bG98 1997 |
||
| 245 | _aModern Heroes, Modern Slaves. | ||
| 260 |
_aQuezon City : _bIbon Foundatin, _c1997. |
||
| 500 | _aEnglish.45 min. | ||
| 650 | _aOFW- Philippines. | ||
| 650 | _aLabor-Malpractices. | ||
| 700 | _aproducer: Malcolm Guy | ||
| 700 | _adirector: Marie Boti | ||
| 942 | _cAVM | ||
| 999 |
_c276580 _d276580 |
||